Qui sont ces Personnages Historiques ? (P.1) - Statistiques

Statistiques générales
  • Ce quiz a été pris 4 073 fois
  • Le résultat moyen est 13 sur 20
Statistiques - réponses
Par images Réponse % Correct
Charlie Chaplin
99%
Jeanne d'Arc
92%
Martin Luther King
92%
Princesse Diana
89%
Marie Curie
88%
Victor Hugo
88%
Simone Veil
87%
Anne Frank
86%
Ludwig van Beethoven
81%
Neil Armstrong
81%
Clovis 1er
60%
Alfred Hitchcock
51%
Christophe Colomb
45%
Honoré de Balzac
44%
Walt Disney
42%
Henri IV
40%
Louis Pasteur
34%
Napoléon III
33%
Mata Hari
19%
Charles-Maurice de Talleyrand
5%
Aucun quiz correspondant
Distribution des résultats
% des personnes avec chaque résultat
Percentile par nombre de réponses
Votre historique - résultats
Vous n’avez pas pris ce quiz